000
00201nam a22000977a 4500
999
_c
533531
_d
533531
040
_c
dlc
082
_a
823.914
100
_a
Neil Gaima
_9
27474
245
_a
Odd and the Frost Giants
942
_2
ddc
_c
BK